| 000 | 00535nam a22001697a 4500 | ||
|---|---|---|---|
| 999 |
_c8610 _d8610 |
||
| 008 | 201208b ||||| |||| 00| 0 eng d | ||
| 040 | _aBMS College of Archtecture | ||
| 100 | _aSrujana, G | ||
| 245 | _aMaiti India rehabilitation home for sex trafficked victims | ||
| 300 | _a43p. | ||
| 500 | _a1BM12AT019 | ||
| 502 |
_8B,Arch _NBMS College of Architecture, Visvesvaraya Technological University (VTU) _aProject report _d2016 |
||
| 650 | _aNA | ||
| 700 |
_aRiju C Thomas _eGuide |
||
| 700 |
_aRadhika Kak _eGuide |
||
| 942 |
_2ddc _cTHE |
||